<?xml version="1.0" encoding="UTF-8"?>
<record
    xmlns:xsi="http://www.w3.org/2001/XMLSchema-instance"
    xsi:schemaLocation="http://www.loc.gov/MARC21/slim http://www.loc.gov/standards/marcxml/schema/MARC21slim.xsd"
    xmlns="http://www.loc.gov/MARC21/slim">

  <leader>02236nam a2200385Ia 4500</leader>
  <controlfield tag="001">dia_7024</controlfield>
  <controlfield tag="003">CHAP</controlfield>
  <controlfield tag="005">20250730173440.0</controlfield>
  <controlfield tag="007">ta</controlfield>
  <controlfield tag="008">220117s2018    mx adeofr     001 0 spa d</controlfield>
  <datafield tag="040" ind1=" " ind2=" ">
    <subfield code="c">CHAP</subfield>
    <subfield code="a">mxchpua</subfield>
  </datafield>
  <datafield tag="090" ind1=" " ind2=" ">
    <subfield code="a">T.C.754 </subfield>
    <subfield code="b">L67 EIUPA </subfield>
    <subfield code="c">2018</subfield>
  </datafield>
  <datafield tag="245" ind1="1" ind2="0">
    <subfield code="a">Proyecto de pr&#xE1;cticas de campo, EIUPA, en ciudad Bol&#xED;var, Medell&#xED;n, Colombia : </subfield>
    <subfield code="b">Empresa Agropecuaria Farallones /</subfield>
    <subfield code="c">coordinador Vicente L&#xF3;pez Bautista ; colaboradores Ernesto &#xC1;lvarez Villareal...[et al.]</subfield>
  </datafield>
  <datafield tag="260" ind1=" " ind2=" ">
    <subfield code="a">M&#xE9;xico :</subfield>
    <subfield code="b">El autor,</subfield>
    <subfield code="c">2018</subfield>
  </datafield>
  <datafield tag="300" ind1=" " ind2=" ">
    <subfield code="a">106 hojas :</subfield>
    <subfield code="b">ilustraciones, gr&#xE1;ficas, diagramas, tablas, fotos, planos +</subfield>
    <subfield code="e">1 CD-ROM</subfield>
  </datafield>
  <datafield tag="336" ind1=" " ind2=" ">
    <subfield code="2">rdacontent</subfield>
    <subfield code="a">texto</subfield>
    <subfield code="b">txt</subfield>
  </datafield>
  <datafield tag="337" ind1=" " ind2=" ">
    <subfield code="2">rdamedia</subfield>
    <subfield code="a">no mediado</subfield>
    <subfield code="b">n</subfield>
  </datafield>
  <datafield tag="338" ind1=" " ind2=" ">
    <subfield code="2">rdacarrier</subfield>
    <subfield code="a">volumen</subfield>
    <subfield code="b">nc</subfield>
  </datafield>
  <datafield tag="500" ind1=" " ind2=" ">
    <subfield code="a">7&#xB0; a&#xF1;o Grupo 3-4 --
El CD contiene reporte y planos.
Los planos est&#xE1;n incluidos en el archivo del reporte</subfield>
  </datafield>
  <datafield tag="502" ind1=" " ind2=" ">
    <subfield code="a">Viaje de Estudios </subfield>
    <subfield code="b">(EIUPA) -- </subfield>
    <subfield code="c">UACh. Departamento de Ingenier&#xED;a Agroindustrial, </subfield>
    <subfield code="d">2018</subfield>
  </datafield>
  <datafield tag="504" ind1=" " ind2=" ">
    <subfield code="a">Bibliograf&#xED;a: hoja 105</subfield>
  </datafield>
  <datafield tag="505" ind1=" " ind2=" ">
    <subfield code="a">9 planos --
1. Diagrama de recorrido Agropecuaria Farallones --
2. Plano de &#xE1;reas de centro de acopio Agropecuaria Farallones (Esc. 1:100) --
3. Plano de &#xE1;reas de beneficio h&#xFA;medo Finca de los dolores (Esc. 1:40) --
4. Plano de &#xE1;reas trilladora Agropecuaria Farallones (Esc. 1:50) --
5. Plano de distribuci&#xF3;n de equipo del almac&#xE9;n (Esc. 1:100) --
6. Plano de distribuci&#xF3;n de equipo trilladora farallones (Esc. 1:40) --
7. Plano de distribuci&#xF3;n de equipo del beneficio h&#xFA;medo (Esc. 1:40) --
8. Diagrama de tuber&#xED;a e instrumentaci&#xF3;n de beneficio h&#xFA;medo --
9. Diagrama de flujo del beneficio h&#xFA;medo</subfield>
  </datafield>
  <datafield tag="650" ind1="1" ind2="0">
    <subfield code="a">Productos del caf&#xE9;</subfield>
    <subfield code="x">Industria y comercio</subfield>
    <subfield code="z">Colombia   </subfield>
    <subfield code="9">161678</subfield>
  </datafield>
  <datafield tag="650" ind1="1" ind2="0">
    <subfield code="a">Coffee products</subfield>
    <subfield code="x">Industry and trade</subfield>
    <subfield code="z">Colombia  </subfield>
    <subfield code="9">161675</subfield>
  </datafield>
  <datafield tag="700" ind1="1" ind2=" ">
    <subfield code="a">L&#xF3;pez Bautista, Vicente</subfield>
    <subfield code="9">147030</subfield>
    <subfield code="e">coordinador</subfield>
  </datafield>
  <datafield tag="700" ind1="1" ind2=" ">
    <subfield code="a">&#xC1;lvarez Villareal, Ernesto</subfield>
    <subfield code="9">162814</subfield>
    <subfield code="e">colaborador</subfield>
  </datafield>
  <datafield tag="856" ind1="4" ind2="1">
    <subfield code="u">http://10.13.5.2/ve/TC754EIUPA/TC754EIUPA2018-REPORTE.pdf</subfield>
    <subfield code="y">DESCARGAR REPORTE</subfield>
  </datafield>
  <datafield tag="901" ind1=" " ind2=" ">
    <subfield code="a">T.C.754 L67 EIUPA 2018</subfield>
  </datafield>
  <datafield tag="902" ind1=" " ind2=" ">
    <subfield code="a">M</subfield>
  </datafield>
  <datafield tag="905" ind1=" " ind2=" ">
    <subfield code="a">5232272018                          mx edml8223123322spa16</subfield>
  </datafield>
  <datafield tag="942" ind1=" " ind2=" ">
    <subfield code="2">local</subfield>
  </datafield>
  <datafield tag="942" ind1=" " ind2=" ">
    <subfield code="c">VE</subfield>
  </datafield>
  <datafield tag="999" ind1=" " ind2=" ">
    <subfield code="c">178143</subfield>
    <subfield code="d">178143</subfield>
  </datafield>
  <datafield tag="952" ind1=" " ind2=" ">
    <subfield code="0">0</subfield>
    <subfield code="1">0</subfield>
    <subfield code="2">local</subfield>
    <subfield code="4">0</subfield>
    <subfield code="5">1</subfield>
    <subfield code="7">0</subfield>
    <subfield code="8">VE</subfield>
    <subfield code="a">IA_</subfield>
    <subfield code="b">IA_</subfield>
    <subfield code="d">2022-01-18</subfield>
    <subfield code="e">El autor</subfield>
    <subfield code="l">0</subfield>
    <subfield code="o">T.C.754 L67 EIUPA 2018</subfield>
    <subfield code="p">1106011861</subfield>
    <subfield code="r">2022-01-18 00:00:00</subfield>
    <subfield code="t">Ej. 2</subfield>
    <subfield code="w">2022-01-18</subfield>
    <subfield code="y">CD</subfield>
  </datafield>
  <datafield tag="952" ind1=" " ind2=" ">
    <subfield code="0">0</subfield>
    <subfield code="1">0</subfield>
    <subfield code="2">local</subfield>
    <subfield code="4">0</subfield>
    <subfield code="5">1</subfield>
    <subfield code="7">0</subfield>
    <subfield code="8">VE</subfield>
    <subfield code="a">IA_</subfield>
    <subfield code="b">IA_</subfield>
    <subfield code="d">2022-01-18</subfield>
    <subfield code="e">El autor</subfield>
    <subfield code="l">2</subfield>
    <subfield code="o">T.C.754 L67 EIUPA 2018</subfield>
    <subfield code="p">1106011860</subfield>
    <subfield code="r">2026-01-26 00:00:00</subfield>
    <subfield code="s">2022-11-28</subfield>
    <subfield code="t">Ej. 1</subfield>
    <subfield code="w">2022-01-18</subfield>
    <subfield code="y">VE</subfield>
  </datafield>
  <datafield tag="952" ind1=" " ind2=" ">
    <subfield code="0">0</subfield>
    <subfield code="1">0</subfield>
    <subfield code="2">local</subfield>
    <subfield code="4">0</subfield>
    <subfield code="7">0</subfield>
    <subfield code="8">VEE</subfield>
    <subfield code="a">IA_</subfield>
    <subfield code="b">IA_</subfield>
    <subfield code="c">E_L</subfield>
    <subfield code="d">2024-05-13</subfield>
    <subfield code="e">El autor</subfield>
    <subfield code="l">0</subfield>
    <subfield code="o">T.C.754 L67 EIUPA 2018</subfield>
    <subfield code="p">1206011860</subfield>
    <subfield code="r">2024-05-13 00:00:00</subfield>
    <subfield code="w">2024-05-13</subfield>
    <subfield code="y">VEE</subfield>
  </datafield>
</record>
